000 01316nam a22003737a 4500
003 CHAP
005 20220329143036.0
008 051010d2005 mx a r 00110 spa d
010 _a91097
011 _a92069
035 _a102632
040 _cCHAP
090 _aTesis
100 0 0 _aMeza Castillo, Elizabeth.
_975317
245 1 0 _aRelación entre altura y características anátomicas, morfológicas y fisiológicas de 39 segregantes de aguacatero "Colín V-33"
_c/por Elizabeth Meza Castillo
260 _aChapingo, Méx. :
_bEl autor,
_c2005.
300 _a72 h. :
_bilus.; gráfs.
502 _aTesis (M.C. en Horticultura) -- UACH. Departamento de Fitotecnia
590 _aALEPH
_b10
_c20130110
_lUCH01
_h1506
590 _aBATCH-UPD
_b10
_c20130110
_lUCH01
_h0819
590 _aBATCH-UPD
_b10
_c20130410
_lUCH01
_h0456
590 _aBATCH-UPD
_b10
_c20130913
_lUCH01
_h2306
590 _aCONVERSION
_b10
_c20130109
_lUCH01
_h1350
650 1 4 _aAguacate.
_92490
650 1 4 _aEstomas.
_938345
650 1 4 _aMorfología.
_978770
650 1 4 _aMuestreo estadístico.
_979288
650 1 4 _aPolinización.
_990237
901 _aBK
905 _aElisama A. H.
942 _cFOLL
949 _aTesis
_bBC
_cTES
_d102632
_eTS1
_h43884
_i102632
_sb
949 _aTesis
_bBC
_cTES
_d33724000962452
_eTS2
_fc.2
_h43885
_i102632
_si
999 _c91097
_d91097